00645nam a2200241Ia 450000500170000000800460001702000180006303700100008104000080009104000080009904000080010704100080011504100080012308400080013124500370013926000100017626000090018665000290019585600570022494200100028199900210029195200910031220260330155105.0008 300114s9999 xx 000 0 eng d a9789354244643 aEBOOK aCRL beng cCRL 2eng aeng qCRL 0aProbability and Random Processes bWiley c2021 aMathematics & Statistics uhttps://ebooks.wileyindia.com/product-details/283463 cEBOOK c1843812d1843812 00104070aCRLbCRLd2026-03-30l0pCL2135610r2026-03-30 15:51:05w2026-03-30yEBOOK